Včelársky zpravodaj (Signalizátor) Ústredia včelárskych združení na Slovensku v Prievidzi

Bibliographic Details
Format: Journal
Language:Slovak
Published: Prievidza Včelársky zväz [1956]
Subjects:

MARC

LEADER 00000cas a2200000 a 4500
001 vtls010489352
003 SK-MaSNL
005 20260228161207.0
008 130211d19561956xo r p 0 b0slo
040 |a SNK  |b slo  |c SNK  |e AACR2 
041 0 |a slo 
044 |a xo  |c SK 
072 7 |a 638  |x Včelárstvo  |2 konspekt 
080 |a 638.1  |2 2011 
080 |a 050  |2 2011 
080 |a (055)  |2 2011 
245 0 0 |a Včelársky zpravodaj (Signalizátor) Ústredia včelárskych združení na Slovensku v Prievidzi 
246 1 3 |a Včelársky spravodaj 
260 |a Prievidza  |b Včelársky zväz  |c [1956] 
300 |a zv. 
310 |a 6x ročne 
362 0 |a [Č. 1 (1956)-č. 5 (1956)] 
650 0 7 |a včelárstvo  |2 SNKPH  |9 3997 
655 7 |a bulletiny  |2 SNKPH  |9 70453 
910 |a snk 
999 |c 4621  |d 6551 
952 |0 0  |1 0  |4 0  |7 0  |a SNK  |b SNK  |d 2013-02-11  |i snkČSP 1225/58  |l 0  |o snkČSC 724/1956 D1  |p 17A1052847  |r 2026-02-21 21:30:41  |t č. 1-5  |w 2026-02-21  |y PREZ